<?xml version="1.0" encoding="UTF-8"?>
<record
    xmlns:xsi="http://www.w3.org/2001/XMLSchema-instance"
    xsi:schemaLocation="http://www.loc.gov/MARC21/slim http://www.loc.gov/standards/marcxml/schema/MARC21slim.xsd"
    xmlns="http://www.loc.gov/MARC21/slim">

  <leader>00734nam a22002057a 4500</leader>
  <controlfield tag="001">86121)</controlfield>
  <controlfield tag="003">BD-RjUL</controlfield>
  <controlfield tag="005">20260120092722.0</controlfield>
  <controlfield tag="008">260120s1954    pk ||||| |||| 00| 0 u   d</controlfield>
  <datafield tag="035" ind1=" " ind2=" ">
    <subfield code="a">(BD-RjUL)86121)</subfield>
  </datafield>
  <datafield tag="040" ind1=" " ind2=" ">
    <subfield code="a">BD-RjUL</subfield>
    <subfield code="b">eng</subfield>
    <subfield code="c">BD-RjUL</subfield>
  </datafield>
  <datafield tag="041" ind1=" " ind2=" ">
    <subfield code="a">eng</subfield>
  </datafield>
  <datafield tag="082" ind1=" " ind2=" ">
    <subfield code="2">23</subfield>
    <subfield code="a">891.4392</subfield>
    <subfield code="b"> KAK 1954</subfield>
  </datafield>
  <datafield tag="100" ind1=" " ind2=" ">
    <subfield code="a"> &#x6A9;&#x627;&#x634;&#x645;&#x64A;&#x631;&#x649;&#x60C; &#x670; &#x622;&#x63A;&#x627; &#x645;&#x62D;&#x645;&#x62F; &#x634;&#x627;&#x6C1; &#x62D;&#x634;&#x631; ;; Kashmiri, Agha Muhammad Shah Hashar</subfield>
    <subfield code="9">17615</subfield>
  </datafield>
  <datafield tag="245" ind1=" " ind2=" ">
    <subfield code="a">&#x62E;&#x648;&#x628;&#x635;&#x648;&#x631;&#x62A; &#x628;&#x644;&#x627; : &#x688;&#x631;&#x627;&#x645;&#x647; / K&#x332;h&#x332;&#x16B;b&#x1E63;&#x16B;rat bal&#x101; : &#x1E0D;r&#x101;mah /</subfield>
    <subfield code="c"> &#x622;&#x63A;&#x627; &#x645;&#x62D;&#x645;&#x62F; &#x634;&#x627;&#x6C1; &#x62D;&#x634;&#x631; &#x6A9;&#x627;&#x634;&#x645;&#x64A;&#x631;&#x649; &#x670; ;;  Agha Muhammad Shah Hashar Kashmiri</subfield>
  </datafield>
  <datafield tag="260" ind1=" " ind2=" ">
    <subfield code="a">&#x644;&#x627;&#x6C1;&#x648;&#x631; :</subfield>
    <subfield code="b">&#x627;&#x631;&#x62F;&#x648; &#x645;&#x631;&#x6A9;&#x632; , </subfield>
    <subfield code="c">1954</subfield>
  </datafield>
  <datafield tag="300" ind1=" " ind2=" ">
    <subfield code="a">112 p. ;</subfield>
    <subfield code="c">17 cm</subfield>
  </datafield>
  <datafield tag="650" ind1=" " ind2=" ">
    <subfield code="a">Drama</subfield>
  </datafield>
  <datafield tag="942" ind1=" " ind2=" ">
    <subfield code="2">ddc</subfield>
    <subfield code="c">BK</subfield>
  </datafield>
  <datafield tag="999" ind1=" " ind2=" ">
    <subfield code="c">86121</subfield>
    <subfield code="d">86121</subfield>
  </datafield>
  <datafield tag="952" ind1=" " ind2=" ">
    <subfield code="0">0</subfield>
    <subfield code="1">0</subfield>
    <subfield code="2">ddc</subfield>
    <subfield code="4">0</subfield>
    <subfield code="7">1</subfield>
    <subfield code="8">NFIC</subfield>
    <subfield code="a">RUCL</subfield>
    <subfield code="b">RUCL</subfield>
    <subfield code="c">Reading</subfield>
    <subfield code="d">1957-08-10</subfield>
    <subfield code="e">Muhammad &amp; brathers</subfield>
    <subfield code="l">0</subfield>
    <subfield code="o">U 891.4392  KAK 1954</subfield>
    <subfield code="r">2026-01-20 00:00:00</subfield>
    <subfield code="t">C-1</subfield>
    <subfield code="w">2026-01-20</subfield>
    <subfield code="y">BK</subfield>
  </datafield>
</record>
